UEFA Europa League Top 4 - Statistiken

Allgemein
  • Dieses Quiz wurde 1.195 mal gespielt
  • Das Durchschnittsergebnis liegt bei 49 aus 118
Antwortstatistiken
Antwort % Korrekt
Bayer 04 Leverkusen
95%
Eintracht Frankfurt
92%
FC Sevilla
91%
Manchester United
91%
FC Chelsea
88%
Internazionale Mailand
84%
Borussia Dortmund
83%
FC Liverpool
83%
Hamburger SV
83%
AS Roma
81%
FC Arsenal
81%
FC Bayern München
80%
AC Mailand
79%
Ajax Amsterdam
78%
Glasgow Rangers
78%
Atletico Madrid
76%
FC Porto
76%
Juventus Turin
76%
Real Madrid
76%
AZ Alkmaar
75%
FC Schalke 04
75%
Olympique Marseille
75%
SV Werder Bremen
75%
Paris Saint-Germain
74%
Olympique Lyon
73%
SL Benfica Lissabon
73%
Celtic Glasgow
72%
Tottenham Hotspur
71%
Feyenoord Rotterdam
70%
FC Valencia
69%
Borussia Mönchengladbach
67%
Lazio Rom
65%
SSC Neapel
65%
1. FC Köln
63%
VfB Stuttgart
61%
Galatasaray SK
60%
Roter Stern Belgrad
58%
Zenit St. Petersburg
58%
PSV Eindhoven
56%
West Ham United
56%
AS Monaco
55%
Austria Salzburg
55%
FC Salzburg
55%
FC Villarreal
54%
Hertha BSC Berlin
53%
Dynamo Kiew
52%
Fenerbahce SK
52%
Athletic Club Bilbao
49%
Club Brügge
49%
Schachtar Donezk
49%
ZSKA Moskau
49%
Nottingham Forest
48%
FC Basel
47%
RSC Anderlecht
47%
Sporting Lissabon
47%
Steaua Bukarest
47%
AC Florenz
46%
FC Barcelona
46%
AEK Athen
42%
Girondins Bordeaux
42%
Sporting Braga
42%
Dinamo Zagreb
39%
Leeds United
39%
Newcastle United
38%
Espanyol Barcelona
37%
1. FC Kaiserslautern
36%
Grasshopper Club Zürich
36%
Parma Calcio
36%
RasenBallSport Leipzig
36%
SG Dynamo Dresden
36%
FC Fulham
32%
Slavia Prag
32%
FC Torino
31%
Spartak Moskau
31%
IFK Göteborg
30%
CFC Genua 1893
28%
Dnipro Dnipropetrowsk
25%
FC Bologna
22%
RFC Lüttich
22%
Racing Club de Lens
20%
SC Bastia
20%
Twente Enschede
20%
Celta de Vigo
18%
Hajduk Split
18%
Ferencvaros Budapest
16%
Karlsruher SC
16%
Bröndby IF
15%
Ipswich Town
14%
MSV Duisburg
13%
Wolverhampton Wanderers
13%
Birmingham City
12%
Deportivo Alaves
12%
1. FC Lokomotive Leipzig
11%
Boavista FC
11%
FC Middlesbrough
11%
Hibernian Edinburgh
11%
Real Saragossa
11%
AJ Auxerre
10%
Cagliari Calcio
8%
CA Osasuna
8%
CD Teneriffa
8%
Dundee United
8%
Ujpest Budapest
7%
FC Dundee
5%
Zeljeznicar Sarajevo
5%
FC Wacker Innsbruck
4%
Bohemians Prag
3%
MTK Budapest
3%
Royale Union Saint-Gilloise
3%
FC Sochaux
2%
KSV Waregem
2%
Lausanne-Sports
2%
FC Kilmarnock
1%
Göztepe Izmir
1%
Radnicki Nis
1%
RWD Molenbeek
1%
Universitatea Craiova
1%
Videoton FC Szekesfehervar
1%
Keine übereinstimmenden Quizze gefunden
Verteilung der Resultate
Anzahl Personen mit jedem Resultat
Perzentil nach korrekt beantworteten Fragen
Ihre Resultats-Entwicklung
Sie haben dieses Quiz noch nicht gespielt